Ricostruisci la Carriera del Calciatore - Enrico Chiesa - Statistics

Statistiche generali
  • Questo quiz è stato fatto 20 volte
  • Il punteggio medio è 2 su 13
Statistiche sulle risposte
Hint Risposta % Corretto
1986-1987 Pontedecimo
67%
1992-1993 Sampdoria
33%
2003-2008 Siena
33%
1994-1995 Cremonese
17%
2002-2003 Lazio
17%
1993-1994 Modena
17%
1996-1999 Parma
17%
1995-1996 Sampdoria
17%
1991-1992 Chieti
0%
2008-2010 Figline
0%
1999-2002 Fiorentina
0%
1987-1990 Sampdoria
0%
1990-1991 Teramo
0%
Nessun quiz corrispondente trovato
Distribuzione punteggi
Percentuale di utenti per punteggio
Percentile per numero di risposta
I tuoi punteggi nel tempo
Non hai fatto questo quiz